Loading...
Geometrical combinatorial topology /
| Hovedforfatter: | |
|---|---|
| Format: | Printed Book |
| Sprog: | English |
| Serier: | v1
|
| LEADER | 00401nam a2200121Ia 4500 | ||
|---|---|---|---|
| 008 | 150624b xxu||||| |||| 00| 0 eng d | ||
| 082 | |a 514.22 | ||
| 100 | |a Glaser, Leslie C. | ||
| 245 | |a Geometrical combinatorial topology / |c Leslie C. Glaser | ||
| 490 | |a v1 | ||
| 942 | |c BK | ||
| 999 | |c 8761 |d 8761 | ||
| 952 | |0 0 |1 0 |4 0 |6 514_220000000000000_GLA_G_1 |7 0 |9 8760 |a UL |b UL |c ST1 |d 1998-09-07 |l 0 |o 514.22 GLA/G.1 |p 13815 |r 2012-10-27 |y BK | ||